000 00591nam a2200217Ia 4500
005 20250508154058.0
008 008 250505s9999 xx 000 0 eng d
037 _aTextual
040 _aFEDL
_beng
_cFEDL
041 _aeng
_2eng
084 _a158, RED
_qFEDL
100 _aRedl Fritz
245 0 _aMental hygiene in teaching
250 _a2nd
260 _aNew York, USA
_bHarcourt, Brace and World
_c1959
300 _axiv,562p.
650 _aApplied Psychology
700 _a Wattenberg William W.
_9765001
942 _cTEXL
_h158, RED
999 _c1347481
_d1347481